• 首页
  • 本馆介绍
  • 公告通知
  • 最新文献
  • 馆藏检索
  • 电子资源
  • 读者导购
  • 参考咨询
  • 我的图书馆
  • 登录
  • 详细信息显示
  • 放入我的书架
  • 预约/预借图书
  • 作者相关作品
  • 分类相关作品
  • 丛书相关作品
  • 出版社相关作品

书目信息

  • 表格格式
  • 工作单格式
  • 卡片格式
题名:
日本电影纵横谈
    
 
作者: 舒明 著
分册:  
出版信息: 北京   北京大学出版社  2016
页数: 542页
开本: 23cm
丛书名:
单 册:
中图分类: J905.313
科图分类:
主题词: 电影评论--dian ying ping lun--日本
电子资源:
ISBN: 978-7-301-26635-9
000 00793nam0 22002411 450
001 1738593869
005 20170627164611.0
010    @a978-7-301-26635-9@dCNY69.00
100    @a20160412d2016 em y0chiy50 ea
101 0  @achi
102    @aCN@b110000
105    @ay z 000yy
106    @ar
200 1  @a日本电影纵横谈@9ri ben dian ying zong heng tan@f舒明著
210    @a北京@c北京大学出版社@d2016
215    @a542页@d23cm
300    @a培文·电影
330    @a本书共三辑,分别从日本电影的历史、人物和作品三方面观察,描绘日本电影的地图和风貌,于茫茫影海中提要钩玄,去芜存菁,作一纵横概述。
606 0  @a电影评论@9dian ying ping lun@y日本
690    @aJ905.313@v5
701  0 @a舒明@9shu ming@c(影评人)@4著
801  0 @aCN@bTANGWEI@c20170621
905    @b1015549-54@dJ905.313@e312@f6
    
    日本电影纵横谈/舒明著 .-北京:北京大学出版社,2016
    542页;23cm
    培文·电影
    
    ISBN 978-7-301-26635-9:CNY69.00
    本书共三辑,分别从日本电影的历史、人物和作品三方面观察,描绘日本电影的地图和风貌,于茫茫影海中提要钩玄,去芜存菁,作一纵横概述。
●
相关链接 在E读中查询图书 在五车中查询图书 在当当中查询图书 在豆瓣中查询图书


正题名:日本电影纵横谈     索取号:J905.313/312         预约/预借

序号 登录号 条形码 馆藏地/架位号 状态 备注
1 1015549   210155491   第一借阅区/ [索取号:J905.313/312] 在馆    
2 1015550   210155507   教育系资料室/ [索取号:J905.313/312] 在馆    
3 1015551   210155516   教育系资料室/ [索取号:J905.313/312] 在馆    
4 1015552   210155525   教育系资料室/ [索取号:J905.313/312] 在馆    
5 1015553   210155534   第一借阅区/ [索取号:J905.313/312] 在馆    
6 1015554   210155543   第一借阅区/ [索取号:J905.313/312] 在馆    
7 986404   209864048   第一样本阅览室/ [索取号:J905.313/312] 在馆    
8 986405   209864057   第一借阅区/ [索取号:J905.313/312] 在馆    
9 986406   209864066   音乐系资料室/ [索取号:J905.313/312] 在馆    
10 986407   209864075   第一借阅区/ [索取号:J905.313/312] 在馆    
唐山师范学院图书馆 欢迎您!
大连网信软件有限公司© 版权所有